Segovia, Avila und El Eskorial (Record no. 4293)

MARC details
000 -CABECERA
campo de control de longitud fija 00952nam a2200301 a 4500
001 - NÚMERO DE CONTROL
campo de control BRCA_4588
005 - FECHA Y HORA DE LA ÚLTIMA TRANSACCIÓN
campo de control 20190320204728.0
008 - DATOS DE LONGITUD FIJA--INFORMACIÓN GENERAL
campo de control de longitud fija 240910s1913----gw-a######---#000-0#ger-#
041 ## - CÓDIGO DE LENGUA
Código de lengua del texto/banda sonora o título independiente ger
044 ## - CÓDIGO DEL PAÍS DE LA ENTIDAD EDITORA/PRODUCTORA
Código MARC del país gw
050 #4 - SIGNATURA TOPOGRÁFICA DE LA BIBLIOTECA DEL CONGRESO
Número de clasificación N7111.S4
Número de documento/Ítem .M39 1913
100 1# - ENTRADA PRINCIPAL--NOMBRE DE PERSONA
Nombre de persona Mayer, August L.
9 (RLIN) 11606
245 10 - MENCIÓN DE TÍTULO
Título Segovia, Avila und El Eskorial
Mención de responsabilidad, etc. von August L. Mayer.
260 ## - PUBLICACIÓN, DISTRIBUCIÓN, ETC.
Lugar de publicación, distribución, etc. Leipzig, Alemania
Nombre del editor, distribuidor, etc. E. A. Seemann
Fecha de publicación, distribución, etc. 1913
300 ## - DESCRIPCIÓN FÍSICA
Extensión 180 p.
Otras características físicas il.
Dimensiones 19 cm.
440 #0 - MENCIÓN DE SERIE/PUNTO DE ACCESO ADICIONAL--TÍTULO
Título Berühmte Kunststätten
Designación de volumen o secuencia 61
9 (RLIN) 11607
500 ## - NOTA GENERAL
Nota general Incluye índice geográfico e índice onomástico
500 ## - NOTA GENERAL
Nota general Incluye 133 ilustraciones
500 ## - NOTA GENERAL
Nota general D23
504 ## - NOTA DE BIBLIOGRAFÍA, ETC.
Nota de bibliografía, etc. Bibliografía: p. [176]
650 14 - PUNTO DE ACCESO ADICIONAL DE MATERIA--TÉRMINO DE MATERIA
Término de materia o nombre geográfico como elemento de entrada Arte
Subdivisión geográfica Segovia, España
9 (RLIN) 11608
650 14 - PUNTO DE ACCESO ADICIONAL DE MATERIA--TÉRMINO DE MATERIA
Término de materia o nombre geográfico como elemento de entrada Arte
Subdivisión geográfica El Escorial, España
9 (RLIN) 11609
650 14 - PUNTO DE ACCESO ADICIONAL DE MATERIA--TÉRMINO DE MATERIA
Término de materia o nombre geográfico como elemento de entrada Arte
Subdivisión geográfica España
9 (RLIN) 2064
651 #4 - PUNTO DE ACCESO ADICIONAL DE MATERIA--NOMBRE GEOGRÁFICO
Nombre geográfico Segovia (España)
Subdivisión general Descripción y viajes
9 (RLIN) 11610
651 #4 - PUNTO DE ACCESO ADICIONAL DE MATERIA--NOMBRE GEOGRÁFICO
Nombre geográfico Avila (España)
Subdivisión general Descripción y viajes
9 (RLIN) 11611
902 ## - CATALOGADOR
Iniciales GFM
942 ## - ELEMENTOS DE PUNTO DE ACCESO ADICIONAL (KOHA)
Fuente del sistema de clasificación o colocación Library of Congress Classification
Tipo de ítem Koha Libros
Holdings
Estado de retiro Estado de pérdida Estado dañado No para préstamo Localización permanente Ubicación/localización actual Fecha de adquisición Número de inventario Total de préstamos Signatura topográfica completa Código de barras Fecha visto por última vez Precio válido a partir de Tipo de ítem Koha
El ejemplar forma parte de la colección y puede ser consultado según las políticas vigentes.       Biblioteca del Museo Franz Mayer (Rogerio Casas-Alatriste) Biblioteca del Museo Franz Mayer (Rogerio Casas-Alatriste) 24/09/2010 D23   N7111.S4 .M39 1913 (D23) 4586 22/03/2019 22/03/2019 Libros